000 00629nam a2200253Ia 4500
001 3992
005 20240113233705.0
007 ta
008 050607s1974 g b000 u hin u
020 _cHB
040 _aCotton College Assam
041 _ahin
082 _a891.431
_bSa 74 R
100 _aSharma, Ram Gopal .
245 0 _aRup-Gandha /
_cRam Gopal Sharma.
_hTextual Documents
250 _a1st ed. /
260 _aUdyapur :
_bSandhi Prakasan ,
_c1974.
300 _a71p. ;
_c21cm.
653 _aHindi Poetry
653 _aGen-Hindi
942 _2ddc
_cBK
999 _c3980
_d3980